The purrfect murder : a mrs. Murphy mystery
Αποθηκεύτηκε σε:
| Κύριοι συγγραφείς: | , |
|---|---|
| Άλλοι συγγραφείς: | |
| Μορφή: | Βιβλίο |
| Γλώσσα: | English |
| Δημοσίευση: |
New York :
Bantam Books,
2008.
|
| Θέματα: | |
| Ετικέτες: |
Προσθήκη ετικέτας
Δεν υπάρχουν, Καταχωρήστε ετικέτα πρώτοι!
|
MARC
| LEADER | 00000cam a2200000 a 4500 | ||
|---|---|---|---|
| 001 | 1/115477 | ||
| 008 | 171108s2008####nyu| ||| |||| ||eng|| | ||
| 020 | |a 9780553586831 | ||
| 040 | |a GR-MyUa |b gre |c GR-MyUa |e AACR2 | ||
| 041 | 0 | |a eng | |
| 082 | 7 | |a 813 |2 (23) | |
| 100 | 1 | |a Brown, Rita Mae. | |
| 245 | 1 | 4 | |a The purrfect murder : |b a mrs. Murphy mystery / |c Rita Mae Brown & Sneaky Pie Brown ; illustrations by Michael Gellatly. |
| 260 | |a New York : |b Bantam Books, |c 2008. | ||
| 300 | |a xvviii, 342 σ. ; |c 18 εκ. | ||
| 650 | 0 | |a Mystery |x Fiction. | |
| 650 | 0 | |a Detective and mystery stories. | |
| 650 | 0 | |a Murphy, Mrs. (Fictitious character) |v Fiction. | |
| 700 | 1 | |a Brown, Sneaky Pie, |d 1982- |e aut | |
| 700 | 1 | |a Gellatly, Michael, |e ill | |
| 852 | |a INST |b SAMOS |e 20171108 |h 813 BRO |p 005300045022 |q 005300045022 |t BK |y 0 | ||
| 970 | |a Φιλιππή |b Φάλη |z 08-11-2017 | ||